000
00299nam a2200133 a 4500
005
20140414131845.0
008
100524s19uu xx 00 eng d
050
_a
M 220.9
_b
J66
245
_a
Jonah.
650
_a
Jonah
_x
Biblical character
999
_c
109877
_d
109877